Musical Acts by Letter - C - Statistics

General Stats
  • This quiz has been taken 60,317 times
    43,022 since last reset
  • The average score is 10 of 20
Answer Stats
Years Active Country Songs Band or Artist % Correct
1981– My Heart Will Go On | Ne partez pas sans moi Celine Dion
87%
1983– Girls Just Want to Have Fun | Time After Time Cyndi Lauper
76%
2000– Yellow | Every Teardrop is a Waterfall Coldplay
74%
2018– Havana | Señorita Camila Cabello
73%
1994–2022 Gangsta's Paradise | C U When U Get There Coolio
70%
1965– If I Could Turn Back Time | Believe Cher
68%
1999– Genie in a Bottle | Candyman Christina Aguilera
65%
1977–1986 Should I Stay or Should I Go | Rock the Casbah The Clash
64%
2011– 3005 | This is America Childish Gambino
55%
1982– Karma Chameleon | Do You Really Want to Hurt Me Culture Club
52%
1968–1972 Fortunate Son | Proud Mary Creedence Clearwater Revival
50%
1955–2017 Johnny B. Goode | Roll Over Beethoven Chuck Berry
49%
1995– Forget You | Closet Freak Cee Lo Green
42%
1994– Lovefool | My Favourite Game The Cardigans
33%
1966–1968 Sunshine of Your Love | Crossroads Cream
32%
1969–1983 (They Long to Be) Close to You | We've Only Just Begun The Carpenters
30%
1978– I'm Every Woman | Ain't Nobody Chaka Khan
29%
1978–1988 My Best Friend's Girl | Drive The Cars
28%
1974– Three Times a Lady | Too Hot ta Trot Commodores
21%
1969–2015 Southern Cross | Suite: Judy Blue Eyes Crosby, Stills & Nash
14%
No matching quizzes found
Score Distribution
Percent of People with Each Score
Percentile by Number Answered
Your Score History
You have not taken this quiz since the last reset